African prospects on paragraph 6 of the declaration on the TRIPS agreement and public health (Record no. 83806)

MARC details
000 -LEADER
fixed length control field 00997nam a2200229 a 4500
008 - FIXED-LENGTH DATA ELEMENTS--GENERAL INFORMATION
fixed length control field 120416s2003 ||||||||||||||||| || u
020 ## - INTERNATIONAL STANDARD BOOK NUMBER
International Standard Book Number 9982260235
050 ## - LIBRARY OF CONGRESS CALL NUMBER
Classification number COMESA(02)
100 ## - MAIN ENTRY--PERSONAL NAME
Personal name Mangeni, Francis
245 10 - TITLE STATEMENT
Title African prospects on paragraph 6 of the declaration on the TRIPS agreement and public health
Statement of responsibility, etc. by COMESA
260 ## - PUBLICATION, DISTRIBUTION, ETC.
Place of publication, distribution, etc. Nairobi, Kenya:
Name of publisher, distributor, etc. COMESA
Date of publication, distribution, etc. 2003
300 ## - PHYSICAL DESCRIPTION
Extent 56p: ill.
350 ## -
-- 0.00
362 1# -
-- <p>5 - 7 August, 2002</p>
650 #0 - SUBJECT ADDED ENTRY--TOPICAL TERM
Topical term or geographic name entry element INTERNATIONAL ECONOMIC RELATIONS--HANDBOOKS, MANUALS, E.T.C
650 ## - SUBJECT ADDED ENTRY--TOPICAL TERM
Topical term or geographic name entry element INTERNATIONAL TRADE AGREEMENTS
650 ## - SUBJECT ADDED ENTRY--TOPICAL TERM
Topical term or geographic name entry element INTELLECTUAL PROPERTY RIGHTS
700 ## - ADDED ENTRY--PERSONAL NAME
Personal name Chidyausiku, Boniface Guwa
710 ## - ADDED ENTRY--CORPORATE NAME
Corporate name or jurisdiction name as entry element COMESA
995 ## -
-- SPECIAL COLLECTIONS
-- 0.00
-- 9015433
-- CBU-MAIN LIBRARY (Kitwe)
-- 1
-- 0.00
-- COMESA(02)2003/3A
-- 1
-- AVAILABLE
-- 9015433
-- International Publications
995 ## -
-- SPECIAL COLLECTIONS
-- 1581
-- CBU-MAIN LIBRARY (Kitwe)
-- 0.00
-- COMESA(02)20003/3B
-- 2
-- AVAILABLE
-- Aug 27, 2014
-- B1581
-- International Publications
999 ## -
-- 83806
-- 83806
Holdings
Withdrawn status Lost status Source of classification or shelving scheme Damaged status Not for loan Permanent Location Current Location Shelving location Date acquired Total Checkouts Full call number Barcode Date last seen Copy number Price effective from Koha item type
          CBU-MAIN LIBRARY, KITWE. CBU-MAIN LIBRARY, KITWE.   01/08/2024   COMESA(02)2003/3A 9015433 01/08/2024 1 01/08/2024 SPECIAL COLLECTION
          CBU-MAIN LIBRARY, KITWE. CBU-MAIN LIBRARY, KITWE.   01/08/2024   COMESA(02)2003/3B B1581 01/08/2024 2 01/08/2024 SPECIAL COLLECTION